| 000 | 00488nam a2200169Ia 4500 | ||
|---|---|---|---|
| 999 |
_c19429 _d19429 |
||
| 003 | OSt | ||
| 005 | 20200703130908.0 | ||
| 008 | 190216s9999||||xx |||||||||||||| ||und|| | ||
| 020 | _a0719537940 | ||
| 040 | _coclc | ||
| 082 |
_a940.28 _bWAT/S |
||
| 100 |
_aWatson, Jack B _93375 |
||
| 245 | 0 |
_aSuccess In European History 1815-1941 / _cJack B Watson |
|
| 260 |
_bJohn Murrary, _c1981. _aLondon: |
||
| 300 | _a458p | ||
| 942 |
_cBK _2ddc _h940.28 _iWAT/S _k940.28 _mWAT/S |
||